000
00297nam a22001337a 4500
008
260427b ||||| |||| 00| 0 eng d
020
_a
9789928219541
041
_a
shqip
080
_a
821.1
100
_a
20
101
_a
Shkrime
245
_a
Tom Gejts Gostitje
_c
Liz Pichon
942
_2
udc
_c
BK
999
_c
61002
_d
61002